000 00348nam a22001337a 4500
003 OSt
008 201120b ||||| |||| 00| 0 eng d
100 _aFOROUZAN,Behrouz A
245 _aData Communications and Networking
250 _a5th ed1226
260 _aNew Delhi
_bTata McGraw Hill
_c2019
650 _aB.Sc Computer Science
942 _2ddc
_cBK
999 _c9298
_d9298